{"text_format":"3","workbook":"xlsx","n_sheets":1,"sheets":["Предмет"],"not_rendered":{"defined_names":8},"read":"whole","date_system":"1900"}

{"sheet":"Предмет","index":0,"n_rows":53,"n_cols":10,"rows_kept":53}
["№","Фамилия","Имя","Пол","Участник с ОВЗ","Класс","Класс участия","Балл","Макс. Балл","Статус"]
[1,3,4,6,8,9,10,11,12,13]
[1,"Б","С","Ж","нет",5,5,25,25,"победитель "]
[2,"Д","Р","Ж","нет",5,5,24,25,"призер "]
[3,"Л","Б","М","нет ",5,5,23,25,"участник "]
[4,"Я","Д","М ","нет ",5,5,21,25,"участник "]
[5,"И","В","М","нет  ",5,5,16,25,"участник "]
[6,"А","Р","М","нет",5,5,15,25,"участник "]
[7,"Р","А","М","нет",5,5,11,25,"участник "]
[8,"К","А","М","нет ",5,5,10,25,"участник "]
[9,"Г","Т","М","нет",5,5,9,25,"участник "]
[10,"В","А","М ","нет ",6,6,25,25,"победитель "]
[11,"Т","А","М","нет",6,6,23,25,"призер "]
[12,"Б","Д","М","нет ",6,6,20,25,"участник "]
[13,"Ш","А","М ","нет ",6,6,17,25,"участник "]
[14,"Н","А","Ж","нет ",6,6,17,25,"участник "]
[15,"Р","А","Ж","нет ",6,6,17,25,"участник "]
[16,"Б","Е","Ж","нет ",6,6,13,25,"участник "]
[17,"З","Р","Ж","нет",6,6,10,25,"участник "]
[18,"К","А","Ж","нет",7,7,28,35,"победитель "]
[19,"Ф","К","Ж","нет ",7,7,26,35,"призер "]
[20,"Ш","А","Ж","нет ",7,7,23,35,"участник "]
[21,"Г","Д","Ж","нет ",7,7,21,35,"участник "]
[22,"З","А","М","нет",7,7,20,35,"участник "]
[23,"Л","Я","Ж","нет ",7,7,20,35,"участник "]
[24,"Г","М","Ж","нет",7,7,20,35,"участник "]
[25,"Б","К","Ж","нет",7,7,19,35,"участник "]
[26,"Г","Н","Ж","нет ",7,7,14,35,"участник "]
[27,"Г","И","М","нет ",7,7,13,25,"участник "]
[28,"Н","Р","М","нет ",7,7,9,25,"участник "]
[29,"Л","В","Ж","нет",8,8,33,35,"победитель "]
[30,"Ш","Д","М","нет",8,8,27,35,"призер "]
[31,"Л","П","Ж","нет ",8,8,26,35,"участник "]
[32,"М","М","Ж","нет ",8,8,26,35,"участник "]
[33,"И","И","Ж","нет",8,8,25,35,"участник "]
[34,"Ч","М","Ж","нет",8,8,22,35,"участник "]
[35,"Б","Э","Ж","нет",8,8,22,35,"участник "]
[36,"Г","И","М","нет",8,8,16,35,"участник "]
[37,"К","В","Ж","нет ",9,9,45,47,"победитель "]
[38,"И","А","Ж","нет",9,9,42,47,"призер "]
[39,"Ф","С","Ж","нет ",9,9,38,47,"участник "]
[40,"А","Д","М","нет",9,9,35,47,"участник "]
[41,"Г","Д","М","нет",9,9,27,47,"участник "]
[42,"К","О","Ж","нет",9,9,25,47,"участник "]
[43,"З","А","Ж","нет",10,10,54,56,"победитель "]
[44,"З","А","Ж","нет",10,10,48,56,"призер "]
[45,"М","А","Ж","нет",10,10,42,56,"участник "]
[46,"М","Т","М","нет ",10,10,35,56,"участник "]
[47,"Х","Э","Ж","нет",11,11,49,51,"победитель "]
[48,"А","В","Ж","нет",11,11,45,51,"призер "]
[49,"Б","Е","Ж","нет",11,11,44,51,"призер "]
[50,"П","А","Ж","нет",11,11,32,51,"участник "]
[51,"Б","В","Ж","нет",11,11,30,51,"участник "]